| 000 | 00370nam a22001337a 4500 | ||
|---|---|---|---|
| 082 |
_a297.4092 _bsha _cN-01, P-50 |
||
| 100 |
_aSharif, Kunjahi _946938 |
||
| 245 |
_aوارث شاہ _cSharif, Kunjahi |
||
| 260 |
_apakistan _bAl-ahmad publicaions |
||
| 300 |
_a184 p. _bill. _c23 cm |
||
| 526 |
_a0 _b0 _c0 _d297_409200000000000_SHA |
||
| 650 |
_aNUST _96342 |
||
| 942 |
_2ddc _cBK |
||
| 999 |
_c550225 _d550225 |
||